Twenty love poems and a song of despair / (Record no. 2316)
[ view plain ]
| 000 -LEADER | |
|---|---|
| fixed length control field | 00541nam a22002057a 4500 |
| 003 - CONTROL NUMBER IDENTIFIER | |
| control field | UUm |
| 005 - DATE AND TIME OF LATEST TRANSACTION | |
| control field | 20151029095129.0 |
| 008 - FIXED-LENGTH DATA ELEMENTS--GENERAL INFORMATION | |
| fixed length control field | 130311t xxu||||| |||| 00| 0 eng d |
| 020 ## - INTERNATIONAL STANDARD BOOK NUMBER | |
| International Standard Book Number | 0224012061 (pbk.) |
| 050 ## - LIBRARY OF CONGRESS CALL NUMBER | |
| Classification number | PQ 8097 |
| Item number | .N454 1969 |
| 082 ## - DEWEY DECIMAL CLASSIFICATION NUMBER | |
| Classification number | IB 861 |
| Item number | N35t 1993 |
| 100 ## - MAIN ENTRY--PERSONAL NAME | |
| Personal name | Neruda, Pablo |
| 245 ## - TITLE STATEMENT | |
| Title | Twenty love poems and a song of despair / |
| Statement of responsibility, etc | Pablo Neruda, translated by W.S. Merwin. |
| 260 ## - PUBLICATION, DISTRIBUTION, ETC. (IMPRINT) | |
| Place of publication, distribution, etc | London |
| Name of publisher, distributor, etc | Cape |
| Date of publication, distribution, etc | 1969 |
| 300 ## - PHYSICAL DESCRIPTION | |
| Extent | 69 p. ; |
| Dimensions | 19 cm. |
| 562 ## - COPY AND VERSION IDENTIFICATION NOTE | |
| Number of copies | 1 |
| 942 ## - ADDED ENTRY ELEMENTS (KOHA) | |
| Source of classification or shelving scheme | Library of Congress Classification |
| Koha item type | Books |
| Withdrawn status | Lost status | Source of classification or shelving scheme | Damaged status | Home library | Current library | Shelving location | Date acquired | Total Checkouts | Full call number | Barcode | Date last seen | Copy number | Price effective from | Koha item type | Source of acquisition | Date checked out |
|---|---|---|---|---|---|---|---|---|---|---|---|---|---|---|---|---|
| Library of Congress Classification | Luxembourg Library | Luxembourg Library | International Baccalaureate Section | 03/11/2013 | PQ 8097 .N454 1969 | 13718 | 08/13/2013 | 1 | 10/03/2013 | Books | ||||||
| Library of Congress Classification | Luxembourg Library | Luxembourg Library | Classic Section | 06/24/2013 | 1 | PQ 8097 .N454 1969 | 13717 | 05/02/2019 | 2 | 06/24/2013 | Books | Donation | 04/11/2019 |